Visualizzazione normale
Vista MARC
- Cuadrado Tapia, Ricardo,
di Personal Name
Records bibliografici associati: 1
001 - CONTROL NUMBER
- control field: 68189
003 - CONTROL NUMBER IDENTIFIER
- control field: IT-RoINE
005 - DATE AND TIME OF LATEST TRANSACTION
- control field: 20200708061300.0
008 - FIXED-LENGTH DATA ELEMENTS
- fixed length control field: 200708|| aca||aabn | a|a d
040 ## - CATALOGING SOURCE
- Original cataloging agency: IT-RoINE
- Transcribing agency: IT-RoINE
100 ## - HEADING--PERSONAL NAME
- Personal name: Cuadrado Tapia, Ricardo,
- Titles and other words associated with a name: S.I.
670 ## - SOURCE DATA FOUND
- Source citation: Work cat.: (IT-RoINE)0: Cuadrado Tapia, Ricardo, S.I., La asistencia a la misa diaria : , 1935.